Những phạm trù mỹ học cơ bản Lưu hành trong trường Đại học

Guardat en:
Dades bibliogràfiques
Autor principal: Iu B Borev
Format: Llibre
Idioma:Undetermined
Publicat: Hà Nội Trường Đại học Tổng hợp Hà Nội 1974
Matèries:
Etiquetes: Afegir etiqueta
Sense etiquetes, Sigues el primer a etiquetar aquest registre!
Thư viện lưu trữ: Trung tâm Học liệu Trường Đại học Cần Thơ
LEADER 00592nam a2200181Ia 4500
001 CTU_5215
008 210402s9999 xx 000 0 und d
082 |a 111.85 
082 |b B731 
100 |a Iu B Borev 
245 0 |a Những phạm trù mỹ học cơ bản 
245 0 |b Lưu hành trong trường Đại học 
245 0 |c Iu B Borev; Dịch giả: Hoàng Xuân Nhị 
260 |a Hà Nội 
260 |b Trường Đại học Tổng hợp Hà Nội 
260 |c 1974 
650 |a aesthetics,art 
980 |a Trung tâm Học liệu Trường Đại học Cần Thơ